[Event "Copenhagen ch"]
[Site "Copenhagen"]
[Date "1999.02.13"]
[Round "8"]
[White "Sorensen, Torben N"]
[Black "Nilssen, John Arni"]
[Result "1-0"]
[WhiteElo "2298"]
[BlackElo "2325"]
[PlyCount "103"]
[EventDate "1999.01.22"]
[EventCountry "DEN"]

1. Nf3 Nf6 2. c4 e6 3. g3 a6 4. Bg2 b5 5. b3 Bb7 6. O-O c5 7. Bb2 Be7 8. d3 O-O
9. Nbd2 d6 10. e4 Nc6 11. Qe2 Nd7 12. d4 Nxd4 13. Nxd4 cxd4 14. Bxd4 e5 15. Be3
Nc5 16. Rfd1 Qa5 17. Bxc5 dxc5 18. Nf1 Rfd8 19. Ne3 Rxd1+ 20. Rxd1 Bg5 21. Nf5
Bc8 22. h4 Bf6 23. Ne3 Be6 24. Bf3 bxc4 25. bxc4 Rd8 26. Rxd8+ Qxd8 27. Bg4 Qd4
28. Bxe6 fxe6 29. Qc2 Kf7 30. Qa4 Qd6 31. Qb3 h5 32. Qd1 Qxd1+ 33. Nxd1 Bd8 34.
Nb2 Ke7 35. Nd3 Kd6 36. Kg2 Ba5 37. f4 Bc3 38. Kf3 Bd4 39. fxe5+ Ke7 40. Nf4
Bxe5 41. Nxh5 Bd4 42. Nf4 Kf6 43. g4 g6 44. g5+ Kf7 45. h5 gxh5 46. Nxh5 Bg1
47. Nf4 Bd4 48. Kg4 Be3 49. g6+ Kf6 50. Kf3 Bg1 51. e5+ Kg7 52. Ke4 1-0

[Event "Copenhagen ch"]
[Site "Copenhagen"]
[Date "1999.02.13"]
[Round "8"]
[White "Hoi, Carsten"]
[Black "Olsen, Heini"]
[Result "1/2-1/2"]
[WhiteElo "2369"]
[BlackElo "2270"]
[PlyCount "29"]
[EventDate "1999.01.22"]
[EventCountry "DEN"]

1. d4 Nf6 2. Nf3 e6 3. Bg5 h6 4. Bxf6 Qxf6 5. e3 b6 6. Bd3 Bb7 7. Nbd2 d6 8.
Qe2 g6 9. O-O Bg7 10. a4 a5 11. Bb5+ c6 12. Bd3 O-O 13. c3 Qd8 14. Nc4 Qc7 15.
Rfc1 1/2-1/2

[Event "Copenhagen ch"]
[Site "Copenhagen"]
[Date "1999.02.13"]
[Round "8"]
[White "Brinck Claussen, Bjorn"]
[Black "Holm, Sejer"]
[Result "1-0"]
[WhiteElo "2339"]
[BlackElo "2340"]
[PlyCount "73"]
[EventDate "1999.01.22"]
[EventCountry "DEN"]

1. e4 c5 2. Nf3 d6 3. d4 cxd4 4. Nxd4 Nf6 5. Nc3 Nc6 6. Bc4 Qb6 7. Nxc6 bxc6 8.
O-O g6 9. e5 dxe5 10. Qe2 Nd7 11. Qf3 f6 12. Be3 Qc7 13. Ne4 Rb8 14. Rfd1 Rb4
15. Be6 Bg7 16. a3 Rxb2 17. Ng5 e4 18. Nxe4 Ne5 19. Qh3 f5 20. Bxc8 Qxc8 21.
Bd4 Rb5 22. Nc3 O-O 23. Nxb5 cxb5 24. Qb3+ Qc4 25. Qb2 Qc7 26. Qxb5 Ng4 27.
Qd5+ Kh8 28. Bxg7+ Kxg7 29. g3 Qxc2 30. Qd4+ Nf6 31. Rac1 Qb3 32. Qxa7 Rf7 33.
Re1 e6 34. Rc7 Rxc7 35. Qxc7+ Kh6 36. Qc5 Ne4 37. Qe3+ 1-0

[Event "Copenhagen ch"]
[Site "Copenhagen"]
[Date "1999.02.13"]
[Round "8"]
[White "Hartvig, Ove Weiss"]
[Black "Jakobsen, Ole"]
[Result "0-1"]
[WhiteElo "2312"]
[BlackElo "2406"]
[PlyCount "64"]
[EventDate "1999.01.22"]
[EventCountry "DEN"]

1. e4 c5 2. Nc3 Nc6 3. g3 g6 4. Bg2 Bg7 5. d3 d6 6. f4 e6 7. Nf3 Nge7 8. O-O b6
9. Be3 d5 10. Bf2 Bb7 11. e5 Qd7 12. Qd2 O-O 13. Rae1 f6 14. exf6 Bxf6 15. Qe2
Bc8 16. Nd1 Nf5 17. c3 a5 18. g4 Ng7 19. Bg3 Ba6 20. g5 Bd8 21. Bh3 Bc7 22. Nf2
Bxf4 23. Ng4 Bxg3 24. Nf6+ Rxf6 25. gxf6 Bxe1 26. fxg7 Re8 27. Ng5 Nd8 28. Rxe1
Qxg7 29. Nxe6 Qf6 30. Rf1 Qe7 31. Qf3 Nxe6 32. Qxd5 Qg5+ 0-1

[Event "Copenhagen ch"]
[Site "Copenhagen"]
[Date "1999.02.14"]
[Round "9"]
[White "Holm, Sejer"]
[Black "Hartvig, Ove Weiss"]
[Result "1-0"]
[WhiteElo "2340"]
[BlackElo "2312"]
[PlyCount "49"]
[EventDate "1999.01.22"]
[EventCountry "DEN"]

1. d4 f5 2. e3 Nf6 3. Bd3 d6 4. Nd2 Nc6 5. c4 g6 6. Ne2 Bg7 7. b4 e5 8. b5 Ne7
9. Bb2 O-O 10. Qb3 e4 11. Bc2 Be6 12. Nf4 Bf7 13. h4 h6 14. d5 Qd7 15. f3 c6
16. fxe4 cxb5 17. cxb5 fxe4 18. Ne6 Nexd5 19. Nxg7 Qg4 20. O-O Qxh4 21. Bxe4
Nxe4 22. Qa4 Nxe3 23. Nxe4 Bc4 24. Nf6+ Kxg7 25. Ng4+ 1-0

[Event "Copenhagen ch"]
[Site "Copenhagen"]
[Date "1999.02.14"]
[Round "9"]
[White "Larsen, Karsten"]
[Black "Sorensen, Torben N"]
[Result "1/2-1/2"]
[WhiteElo "2253"]
[BlackElo "2298"]
[PlyCount "25"]
[EventDate "1999.01.22"]
[EventCountry "DEN"]

1. e4 e5 2. Bc4 Nf6 3. d3 c6 4. Nf3 d5 5. Bb3 Bd6 6. Nc3 dxe4 7. Ng5 O-O 8.
Ncxe4 Nxe4 9. Nxe4 Bf5 10. Qf3 Bxe4 11. dxe4 Nd7 12. O-O Nc5 13. Rd1 1/2-1/2